LEADER 00998nam1 2200277 i 450 001 SUN0026358 005 20190531121549.950 010 $d0.00 100 $a20041025g19581960 |0engc50 ba 101 $aeng 102 $aUS 105 $a|||| ||||| 200 1 $a*Commutative algebra$fOscar Zariski, Pierre Samuel, with the cooperation of I. S. Cohen 210 $aNew York$cSpringer$d1958-1960 215 $a2 vol.$d24 cm. 463 1$1001SUN0026363$12001 $a<<*Commutative Algebra>> 1$v1$1210 $a1958$1215 $aX, 329 p.$d24 cm. 463 1$1001SUN0026368$12001 $a<<*Commutative Algebra>> 2$v2$1210 $a1960$1215 $aX, 414 p.$d24 cm. 620 $aUS$dNew York$3SUNL000011 700 1$aZariski$b, Oscar$f1899-1986$3SUNV021975$042025 701 1$aSamuel$b, Pierre$3SUNV021976$0344709 702 1$aCohen$b, I. S.$3SUNV021977 712 $aSpringer$3SUNV000178$4650 801 $aIT$bSOL$c20200921$gRICA 912 $aSUN0026358 996 $aCommutative algebra$978956 997 $aUNICAMPANIA LEADER 01023nam a2200289 i 4500 001 991001948139707536 005 20020508184057.0 008 010514s1973 it ||| | ita 035 $ab10936701-39ule_inst 035 $aPARLA151730$9ExL 040 $aDip.to Filosofia$bita 082 0 $a330.8 100 1 $aGeorgescu-Roegen, Nicholas$047144 245 10$aAnalisi economica e processo economico /$cNicholas Georgescu-Roegen ; presentazione di Giacomo Becattini 260 $aFirenze :$bSansoni,$c1973 300 $aXV, 282 p. ;$c20 cm. 490 0 $aSaggi [Sansoni] ;$v22 500 $aScritti di vari 500 $aTrad. M. Dardi 650 4$aEconomia 700 1 $aDardi, Marco 907 $a.b10936701$b23-02-17$c28-06-02 912 $a991001948139707536 945 $aLE005IF XVIII E 19$g1$iLE005IFA-7337$lle005$o-$pE0.00$q-$rl$s- $t0$u0$v0$w0$x0$y.i11042989$z28-06-02 996 $aAnalisi economica e processo economico$9695792 997 $aUNISALENTO 998 $ale005$b01-01-01$cm$da $e-$fita$git $h0$i1